Nationaltiere Europas - Statistiken

Allgemein
  • Dieses Quiz wurde 80 mal gespielt
  • Das Durchschnittsergebnis liegt bei 10 aus 43
Antwortstatistiken
Land Nationaltier % Korrekt
Deutschland Adler
77%
Russland Braunbär
71%
England Löwe
67%
Wales Drache
65%
Frankreich Hahn
65%
Spanien Stier
55%
Österreich Adler
45%
Schottland Einhorn
44%
Schweden Elch
42%
Albanien Steinadler
41%
Norwegen Elch
38%
Finnland Braunbär
36%
Niederlande Löwe
32%
Montenegro Adler
30%
Luxemburg Löwe
29%
Italien Wolf
27%
Belgien Löwe
26%
Rumänien Adler
21%
Bulgarien Löwe
17%
Island Papageientaucher
14%
San Marino Pferd
14%
Estland Wolf
12%
Ungarn Adlerfalke
11%
Griechenland Delphin
11%
Andorra Kuh
11%
Liechtenstein Turmfalke
11%
Kroatien Marder
9%
Malta Pharao Hund
9%
Dänemark Schwan
9%
Moldau Wolf
9%
Serbien Wolf
9%
Lettland Bachstelze
6%
Slowenien Biene
6%
Monaco Igel, Hase, Waldmaus
6%
Kosovo Luchs
6%
Nordmazedonien Luchs
6%
Irland Rothirsch
6%
Slowakei Tatra Gämse
6%
Bosnien Tornjak
6%
Litauen Weißstorch
6%
Ukraine Storch
5%
Polen Wisent
5%
Belarus Wisent
3%
Keine übereinstimmenden Quizze gefunden
Verteilung der Resultate
Anzahl Personen mit jedem Resultat
Perzentil nach korrekt beantworteten Fragen
Ihre Resultats-Entwicklung
Sie haben dieses Quiz noch nicht gespielt